00765nam a2200193Ia 4500001000900000003000500009008004100014010001100055040000900066100003200075245022700107260003300334300001000367502008700377650002700464650001600491650002600507710003800533Para_934CHAP220125s1993 xx 000 0 und d a199725 cCHAP aOjeda Martínez, Jose Luis aEvaluación de eficacia de tebuconazol y triadimenol en tratamiento a semilla de cebada contra Puccinia striiformis f. sp. horde West, en las etapas iniciales del cultivo, en apan, Hgo. /c por Jose Luis Ojeda Martínez aUruapan, Mich. :b El autor a73 h. aTesis (Ing. Agr. Esp. en Parasitología) UMSNH. Fac. Agrobiología, Pres. Juarez aCebada x enfermedades aFungicidas  aPuccinia striiformis  aUMSNH. Facultad de Agrobiología